Dezindustrializácia je aj na Slovensku nevyhnutná, vyžaduje si však vyššiu produktivitu a reštrukturalizáciu priemyslu
Životné cykly hospodárskych sektorov a odvetví. Štruktúrny vývoj prináša postupné skracovanie životných cyklov jednotlivých hospodárskych sektorov. Vývoj vyspelých ekonomík. Dezindustrializačný proces vo vyspelých krajinách v posledných troch desaťročiach. Výkonnosť priemyslu neklesá, ale stúpa. Výv...
Saved in:
| Main Author: | |
|---|---|
| Format: | Book |
| Language: | Slovak |
| Subjects: | |
| Tags: |
No Tags, Be the first to tag this record!
|
MARC
| LEADER | 00000nam a2200000 4500 | ||
|---|---|---|---|
| 001 | r030521 | ||
| 005 | 20230921083358.4 | ||
| 041 | 0 | |a slo | |
| 044 | |a SK | ||
| 245 | 1 | 0 | |a Dezindustrializácia je aj na Slovensku nevyhnutná, vyžaduje si však vyššiu produktivitu a reštrukturalizáciu priemyslu |c Mikuláš Sedlák |
| 520 | |a Životné cykly hospodárskych sektorov a odvetví. Štruktúrny vývoj prináša postupné skracovanie životných cyklov jednotlivých hospodárskych sektorov. Vývoj vyspelých ekonomík. Dezindustrializačný proces vo vyspelých krajinách v posledných troch desaťročiach. Výkonnosť priemyslu neklesá, ale stúpa. Vývojové tendencie ekonomickej štruktúry Slovenska. Faktorom rastu slovenského hospodárstva budú služby. | ||
| 610 | 2 | 0 | |a priemysel |
| 610 | 2 | 0 | |a industrializácia |
| 610 | 2 | 0 | |a poľnohospodárstvo |
| 610 | 2 | 0 | |a služby |
| 610 | 2 | 0 | |a produktivita |
| 610 | 2 | 0 | |a reštrukturalizácia |
| 610 | 2 | 0 | |a štruktúra ekonomická |
| 610 | 2 | 0 | |a cykly hospodárske |
| 610 | 2 | 0 | |a Slovensko |
| 100 | 1 | |a Sedlák, Mikuláš | |